00667nam a2200193 a 450000100100000000500170001000800410002704000250006824500990009326000360019230000260022849000940025465000230034865000170037165000130038865000120040170000300041370000300044300003627420200930075636.0120112s1986 xxua 000 0 eng d aDO-SdBNPbspacBNPHU00aManagement of soft tissue and bone sarcomas /ceditors A. T. van Oosterom, J. A. M. van Unnik. aNew York :bRaven Press,c1986. axix, 309 p. ;c24 cm.0 aMonograph series of the European Organization for Research on Treatment of Cancer ;vv.1624aTejidos conectivos24aOsteosarcoma24aSarcomas24aTumores1 aOosterom, A. T. van,eed.1 aUnnik, J. A. M. van,eed.